000 00664nam a22001937a 4500
999 _c17506
_d17506
003 AR-CdUCM
008 190508b ||||| |||| 00| 0 spa d
040 _aMUNICIPALIDAD PROVINCIAL DEL CUSCO
_cBIBLIOTECA MUNICIPAL DEL CUSCO
082 _a523 /
_bB85
100 _aBriot, Charles
_937554
245 _aLecciones de cosmografía :
_bO elementos de astronomía /
260 _aParis :
_bBouret,
300 _a388 paginas ;
_c18 cm.
505 _aContenido :Las estrellas --La tierra --El sol --La luna --Los planetas --Astronomía estelaria ...
650 _aAstronomia
_920961
650 _aGalaxia
_929805
942 _2ddc
_cLIBROS
945 _arjall
_d2019-05-08